आमची चळवळ आमची माणसं (Record no. 832493)

MARC details
000 -LEADER
fixed length control field 00615nam a2200169Ia 4500
008 - FIXED-LENGTH DATA ELEMENTS--GENERAL INFORMATION
fixed length control field 110201s9999 xx 000 0 und d
082 ## - DEWEY DECIMAL CLASSIFICATION NUMBER
Item number B6920
Classification number S 1011
100 ## - MAIN ENTRY--PERSONAL NAME
Personal name सोनग्रा रतनलाल
245 ## - TITLE STATEMENT
Title आमची चळवळ आमची माणसं
260 ## - PUBLICATION, DISTRIBUTION, ETC. (IMPRINT)
Name of publisher, distributor, etc आनंद प्रकाशन
365 ## - TRADE PRICE
Price amount 90
600 ## - SUBJECT ADDED ENTRY--PERSONAL NAME
Personal name सोनग्रा रतनलाल
630 ## - SUBJECT ADDED ENTRY--UNIFORM TITLE
Uniform title आमची चळवळ आमची माणसं
700 ## - ADDED ENTRY--PERSONAL NAME
Personal name सोनग्रा रतनलाल
730 ## - ADDED ENTRY--UNIFORM TITLE
Uniform title आमची चळवळ आमची माणसं
942 ## - ADDED ENTRY ELEMENTS (KOHA)
Koha item type Book
Holdings
Withdrawn status Lost status Damaged status Not for loan Home library Current library Date acquired Cost, normal purchase price Total Checkouts Barcode Date last seen Cost, replacement price Price effective from Koha item type
        Prof.Manikrao Kirtane Vachanalaya, Vashi, Navi Mumbai Prof.Manikrao Kirtane Vachanalaya, Vashi, Navi Mumbai 02/01/2011 90.00   PMKV-B6920 02/01/2011 90.00 02/01/2011 Book